000
00300nam a22001097a 4500
008
230606b xxu||||| |||| 00| 0 eng d
082
_a
342.363
245
_a
Basic Law For The Federal Republic of Germany
_c
German Bundestag
260
_a
German
_b
German Bundestag
_c
2008
300
_a
94 p
942
_2
ddc
_c
BK
999
_c
547
_d
547